| 000 | 00685nam a2200193 i 4500 | ||
|---|---|---|---|
| 001 | 94759 | ||
| 003 | ES-MaACL | ||
| 007 | t| | ||
| 008 | 050513s1945 sp ||||1| spa d | ||
| 100 | 1 |
_aLowsley, Oswald Swinnuy. _974394 |
|
| 245 | 1 | 0 |
_aClínica urológica / _cpor Oswald Swinnuy Lowsley y Thomas Joseph Kirwin;dibujos por William P.Didurch; traducción española del inglés revisada por A. Puiguert Gorro. |
| 250 | _a[1ª ed.]. | ||
| 260 |
_aBarcelona : _bSalvat, _c1945. |
||
| 300 |
_a2 t. : _bil. ; _c24 cm. |
||
| 700 | 1 |
_aKirwin, Thomas Joseph. _968147 |
|
| 700 | 1 |
_aDidurch, William P. _944524 |
|
| 700 | 1 |
_aPuiguert Gorro, A. _994307 |
|
| 852 |
_aES-MaACL _jE-57778 _bR.21583 |
||
| 999 |
_c94759 _d94759 |
||